Statistics for L Vocabulary Words Quiz #1

Click here to take the quiz!

General Stats

  • This quiz has been taken 40,793 times
  • The average score is 14 of 22

Answer Stats

Definition Word % Correct
Primate found only in MadagascarLemur
94%
Person who studies languagesLinguist
89%
Pertaining to the MoonLunar
86%
Rental agreementLease
83%
DeadlyLethal
83%
Offspring of a male lion and female tigerLiger
82%
One of the two main types of beerLager
80%
Male equivalent of lassLad
79%
Skin-tight, one-piece garment
worn by dancers
Leotard
75%
Jousting weaponLance
74%
Waiting time between connecting flightsLayover
72%
Singular of liceLouse
65%
MazeLabyrinth
64%
PlunderLoot
61%
Defamation in printLibel
58%
Person who is not a member
of the clergy
Layperson
55%
String instrument played by King DavidLyre
54%
Person who wins laurels; NobelistLaureate
43%
PantryLarder
37%
Style of golf course built on
coastal dunes
Links
25%
Man who loads and unload shipsLongshoreman
21%
Hawaiian verandaLanai
21%

Score Distribution

Percentile by Number Answered

Percent of People with Each Score

Your Score History

You have not taken this quiz